Geography Quiz

Random Geography or State Quiz

Where Cars Are Made (N. Amer.) Quiz Stats

Quiz not verified by Sporcle

Also try: The Iraq Quiz
Challenge
Share
Tweet
Embed
Score 0/44 Timer 03:00
0 Plays Today
Model State/Province/Estado % Correct
Ford MustangMichigan
97%
GMC AcadiaMichigan
97%
Buick LucerneMichigan
97%
Cadillac STSMichigan
97%
Chrysler SebringMichigan
97%
Dodge ViperMichigan
97%
Jeep Grand CherokeeMichigan
97%
Tesla RoadsterCalifornia
91.9%
Chevrolet CobaltOhio
84.8%
Jeep WranglerOhio
84.8%
Honda ElementOhio
84.8%
Cadillac EscaladeTexas
84.1%
Toyota TundraTexas
84.1%
Toyota SequoiaIndiana
80%
Subaru LegacyIndiana
80%
Lincoln MKSIllinois
78.9%
Dodge CaliberIllinois
78.9%
Mitsubishi GalantIllinois
78.9%
Nissan MaximaTennessee
77.8%
Honda OdysseyAlabama
77.4%
Mercedes-Benz M-ClassAlabama
77.4%
Hyundai SonataAlabama
77.4%
Model State/Province/Estado % Correct
Kia SorentoGeorgia
77%
Ford ExplorerKentucky
76.7%
Chevrolet CorvetteKentucky
76.7%
Toyota AvalonKentucky
76.7%
Nissan RogueMississippi
70.7%
GMC SavanaMissouri
69.3%
BMW X5South Carolina
66.7%
Buick LaCrosseKansas
63.7%
Chevrolet CamaroOntario
61.9%
Lincoln Town CarOntario
61.9%
Lincoln MKXOntario
61.9%
GMC TerrainOntario
61.9%
Chrysler 300Ontario
61.9%
Dodge CaravanOntario
61.9%
Acura MDXOntario
61.9%
Chrysler PT CruiserMexico (State of)
26.7%
Ford FusionSonora
8.9%
Volkswagen New BeetlePuebla
4.8%
Chevrolet AveoSan Luis Potosí
4.8%
Cadillac SRXCoahuila
4.1%
Chevrolet AvalancheGuanajuato
3%
Nissan SentraAguascalientes
2.6%

You're not logged in!

Compare scores with friends on all Sporcle quizzes.
Sign Up with Email
OR
Log In

You Might Also Like...

Show Comments

Extras

Top Quizzes Today


Score Distribution

Your Account Isn't Verified!

In order to create a playlist on Sporcle, you need to verify the email address you used during registration. Go to your Sporcle Settings to finish the process.

Report this User

Report this user for behavior that violates our Community Guidelines.

Details: